Statistieken voor Noem een Hoofdstad A-Z

Klik hier om de quiz te nemen!

Algemene statistieken

  • Deze quiz is 1.423 keer genomen
  • De gemiddelde score is 15 van 24

Antwoordstatistieken

LetterHoofdstad% Correct
BBrussel | Berlijn | Bern | +21
99%
AAmsterdam | Athene | Andorra la Vella | +12
99%
MMadrid | Moskou | Monaco | +15
95%
LLonden | Luxemburg | Lissabon | +9
92%
PParijs | Praag | Peking | +14
91%
WWenen | Warschau | Washington D.C. | +2
89%
SStockholm | Sofia | San Marino | +14
85%
RRome | Reykjavik | Riga | Rabat | Riyad | Roseau
83%
KKopenhagen | Kiev | Kaapstad | +10
81%
OOslo | Ottawa | Ouagadougou
80%
TTokio | Tallinn | Tirana | +8
75%
DDublin | Dhaka | Damascus | +7
72%
HHelsinki | Havana | Hanoi | Harare | Honiara
69%
CCaïro | Canberra | Caracas | +4
67%
VVaticaanstad | Vilnius | Valletta | +3
62%
JJeruzalem | Jakarta | Jerevan
53%
NNew Delhi | Nicosia | Nairobi | +8
45%
ZZagreb | Zuid-Tarawa
39%
GGuatemala-Stad | Georgetown | Gaborone | Gitega
31%
QQuito
30%
IIslamabad
25%
UUlaanbaatar
23%
FFreetown | Funafuti
23%
YYaoundé | Yamoussoukro | Yaren
22%

Scoreverdeling

Percentiel versus Aantal Correcte Antwoorden

Procent van Mensen met Elke Score

Uw Scoregeschiedenis

U heeft deze quiz nog niet genomen